| 000 | 00735nam a2200265 a 4500 | ||
|---|---|---|---|
| 003 | AR-BaBNM | ||
| 005 | 20251128203902.0 | ||
| 008 | 082120s2002 ||||||||||||||000 | spa|| | ||
| 040 | _cAR-BaBNM | ||
| 100 | 1 | _aMory, F. | |
| 245 | 0 | 0 | _aEnseñanza individual y trabajo por equipos |
| 250 | _a1ª ed. | ||
| 260 |
_aBuenos Aires _bKapelusz _c1966 |
||
| 300 | _axvi, 140 p. | ||
| 490 | 0 | _aColección de pedagogía práctica | |
| 504 | _aBibliografía: p. 140 | ||
| 650 | 4 | _aMETODOS DE ENSEÑANZA | |
| 650 | 4 | _aENSEÑANZA INDIVIDUALIZADA | |
| 650 | 4 | _aTRABAJO EN EQUIPO | |
| 650 | 4 | _aSELECCION DE MATERIAL DIDACTICO | |
| 650 | 4 | _aFICHAS ESCOLARES | |
| 700 | 1 |
_aRuibal, Cora F. de _etraductor |
|
| 942 | _cBK | ||
| 998 | _csilvi | ||
| 999 |
_c5330 _d5330 |
||